A breakthrough in school guidance and counseling / (Record no. 288176)
[ view plain ]
| 000 -LEADER | |
|---|---|
| fixed length control field | 00564nam a2200169Ia 4500 |
| 008 - FIXED-LENGTH DATA ELEMENTS--GENERAL INFORMATION | |
| fixed length control field | 150610s9999 xx 000 0 und d |
| 020 ## - INTERNATIONAL STANDARD BOOK NUMBER | |
| International Standard Book Number | 9710869256 |
| 050 ## - LIBRARY OF CONGRESS CALL NUMBER | |
| Classification number | LB1027.5 |
| Item number | .T84 2008 |
| 100 ## - MAIN ENTRY--PERSONAL NAME | |
| Personal name | Tulio, Doris D. |
| 245 #2 - TITLE STATEMENT | |
| Title | A breakthrough in school guidance and counseling / |
| Statement of responsibility, etc | Doris D. Tulio. |
| 260 ## - PUBLICATION, DISTRIBUTION, ETC. (IMPRINT) | |
| Place of publication, distribution, etc | Mandaluyong City : |
| Name of publisher, distributor, etc | National Book Store, |
| Date of publication, distribution, etc | 2008. |
| 300 ## - PHYSICAL DESCRIPTION | |
| Extent | 212pages ; |
| Dimensions | 23 cm. |
| 504 ## - BIBLIOGRAPHY, ETC. NOTE | |
| Bibliography, etc | Includes glossary. |
| 520 ## - SUMMARY, ETC. | |
| Summary, etc | Educational counseling. |
| 650 ## - SUBJECT ADDED ENTRY--TOPICAL TERM | |
| Topical term or geographic name as entry element | Philippines. |
| General subdivision | Counseling |
| 650 ## - SUBJECT ADDED ENTRY--TOPICAL TERM | |
| General subdivision | Counseling in elementary education. |
| Withdrawn status | Lost status | Damaged status | Home library | Current library | Shelving location | Date acquired | Total Checkouts | Full call number | Barcode | Date last seen | Price effective from | Koha item type |
|---|---|---|---|---|---|---|---|---|---|---|---|---|
| Stonyhurst Southville International School (Batangas) | Stonyhurst Southville International School (Batangas) | High School Section | 06/10/2015 | LB1027.5 .T84 2008 | US-1331 | 06/10/2015 | 06/10/2015 | Books |